|
|
|
|
| LEADER |
00618nam a22001697a 4500 |
| 020 |
|
|
|a 9789385013331
|
| 082 |
|
|
|a H301
|b RAJ/G
|
| 100 |
|
|
|a Rajendra Chandrakant Rai
|9 45774
|
| 245 |
|
|
|a Ghulamom ka janatantra (kahani sangrah)/
|c by Rajendra Chandrakant Rai
|
| 260 |
|
|
|a Ghaziabad:
|b Antika Prakashan,
|c 2016.
|
| 300 |
|
|
|a 112p.
|
| 650 |
|
|
|a Stories Hindi
|9 45775
|
| 650 |
|
|
|a Literature Hindi
|9 45776
|
| 650 |
|
|
|a Literature
|9 45777
|
| 942 |
|
|
|c BK
|
| 999 |
|
|
|c 71393
|d 71393
|
| 952 |
|
|
|0 0
|1 0
|4 0
|6 H_301_000000000000000_RAJ_G
|7 0
|9 92000
|a SSUS
|b SSUS
|c STACKS
|d 2018-05-16
|g 235.00
|l 2
|o H301 RAJ/G
|p 089249
|r 2018-06-29
|s 2018-06-22
|w 2018-05-16
|y BK
|